| 000 | 00579nam a2200205Ia 4500 | ||
|---|---|---|---|
| 005 | 20250508162143.0 | ||
| 008 | 008 250505s9999 xx 000 0 eng d | ||
| 020 | _a0-7100-7466-2 | ||
| 037 | _aTextual | ||
| 040 |
_aFEDL _beng _cFEDL |
||
| 041 |
_aeng _2eng |
||
| 084 |
_a155.413, PIA _qFEDL |
||
| 100 | _aPiaget Jean | ||
| 245 | 0 | _aPlay, dreams and imitation in childhood | |
| 260 |
_aLondon, UK _bRoutledge and Kegan Paul Limited _c1951 |
||
| 300 | _axi,296p | ||
| 650 | _aChild psychology | ||
| 942 |
_cTEXL _h155.413, PIA |
||
| 999 |
_c1374691 _d1374691 |
||